000 01014nac a22003011i 4500
003 EG-ScBUE
005 20260311101440.0
008 260214t2005 enka f b 001 0 eng d
020 _a9780199265152
020 _a0199265151 (pbk.)
035 _a(OCoLC)ocm60416825
040 _aEG-ScBUE
_beng
_erda
_cEG-ScBUE
_dEG-ScBUE
082 0 4 _a570.72
_bHAW
_222
100 1 _aHawkins, Dawn May,
_eauthor.
245 1 0 _aBiomeasurement /
_cDawn Hawkins, senior lecturer, Anglia Polytechnic University.
264 1 _aOxford :
_bOxford University Press,
_c[2005]
264 4 _cc2005
300 _axxv, 284 pages :
_billustrations ;
_c25 cm
336 _2rdacontent
_atext
_btxt
337 _aunmediated
_2rdamedia
_bn
338 _avolume
_bnc
_2rdacarrier
500 _aIncludes Appendices.
504 _aIncludes bibliographical references and index.
650 7 _aLife sciences
_xStatistical methods.
_2BUEsh
650 7 _aLife sciences
_xResearch
_xMethodology.
_2BUEsh
655 _vReading book
942 _cBB
_2ddc
999 _c4379
_d4379